02294nam a2200313 i 4500001001000000003000900010005001700019007000300036008004100039020001800080040003000098041000800128082001900136100004500155245006300200264006900263300006000332336002700392337003300419338002800452500007300480500003500553500004200588504003200630505091600662505028801578600006701866651004701933000039147DO-SdBNP20260219140421.0ta130528e2013 dr ao gr 001 edspa d a9789945165357 aDO-SdBNPbspacBNPHUerda hspa 4axxxbH552C2221 aHamlet, Hermann,d1934-2016eautor4aut.10aCaamaño :bbiografía de una época /cHamlet Hermann. 4aSanto Domingo, República Dominicana :bEditora Búho,c©2013 a523 páginas :bilustraciones, fotografías ;c28 cm. ardacontentbtexto2txt ardamediabsin mediación2n ardacarrierbvolumen2nc aIncluye datos biográficos del autor en las solapas de las portadas aIncluye índice onomástico. aIncluye notas al pie de las páginas aBibliografía: p. 505 -513 0aPresentación.tOrigen de la familia Caamaño.--tEl oficial Caamaño Medina.--tFrancis inicia la carrera militar.--tParéntesis histórico.--tConsejo de Estado.--tPalmo Sola.--tGobierno Constitucional y cuartelazo.--tGuerra civil.--tGuerra Patriótica.--tNegociación y agresión.--tLa Academia militar "24 de abril".--tContinúan las negociaciones.--tCaamaño renuncia al presidencia de la República.--tGobierno provisional de Héctor García-GodoytVictoria constitucionalista en el hotel Matum.--tCaamaño va a Londres como agregado militar.--tVisita de Caamaño a Oxford.--tCortejando al líder militar constitucionalista.--tJuan Montalvo conversa con Caamaño.--tBalaguer asume el gobierno.--tBosch se va a España.--tPérez y Pérez trata de paralizar a Caamaño en Londres.--tCaamaño tendría que desafiar la época.--tHaciendo maletas para ir al Caribe.-- 0aListando su salida para Cuba.--rCaamaño en Cuba.--tNuevos vientos soplan en Cuba.--tEmpezar de nuevo.--tA partir del 28 de septiembre de 1972.--tAntesala de la Repatriación.--tDe vuelta a casa.--tLlegaron llenos de patriotismo.--tBibliografía.--tÍndice onomástico. 4aCaamaño Deñó, Francisco Alberto,d1932-1973vBiografía 4aRepública DominicanaxBiografíasy1965